[Event "BL 1213 OSG Baden Baden - SV Mülheim No"]
[Site "?"]
[Date "2012.12.08"]
[Round "5.3"]
[White "Grachev, Boris"]
[Black "Naiditsch, Arkadij"]
[Result "0-1"]
[WhiteElo "2672"]
[BlackElo "2704"]
[PlyCount "124"]
[EventDate "2012.??.??"]

1. d4 Nf6 2. c4 e6 3. Nc3 Bb4 4. Bg5 c5 5. d5 h6 6. Bh4 d6 7. e3 exd5 8. cxd5
Nbd7 9. Bd3 Qa5 10. Nge2 Nxd5 11. O-O Bxc3 12. bxc3 O-O 13. Rc1 Ne5 14. Bb1 Bg4
15. Qxd5 Bxe2 16. Rfe1 Bc4 17. Qxd6 f6 18. Red1 Bxa2 19. f4 Nf7 20. Bxa2 Qxa2
21. Qxc5 Rfd8 22. e4 b6 23. Qe3 Rxd1+ 24. Rxd1 Re8 25. Bg3 Qc2 26. Re1 Qb3 27.
e5 fxe5 28. fxe5 Qe6 29. Qe4 Rc8 30. Qb7 a5 31. Bf2 Rc6 32. Bd4 Kh7 33. Rf1 Nd8
34. Qa8 Qd7 35. Rb1 Ne6 36. Bxb6 Nf4 37. Bd4 Qd5 38. Rb2 Nh3+ 39. Kf1 Rf6+ 40.
exf6 Qxa8 41. gxh3 Qh1+ 42. Ke2 Qxh2+ 43. Bf2 Qe5+ 44. Kd3 Qxf6 45. Bd4 Qf1+
46. Ke4 a4 47. Kd5 a3 48. Rb6 a2 49. c4 Qf5+ 50. Kd6 Qd3 51. Kc5 Qxd4+ 52. Kxd4
a1=Q+ 53. Kd5 Qd1+ 54. Kc5 Kg8 55. Rd6 Qb3 56. h4 h5 57. Rd4 Qe3 58. Kd5 Kf7
59. Re4 Qd3+ 60. Ke5 Qg3+ 61. Kd5 g5 62. hxg5 h4 0-1

[Event "BL 1213 OSG Baden Baden - SV Mülheim No"]
[Site "?"]
[Date "2012.12.08"]
[Round "5.5"]
[White "Fridman, Daniel"]
[Black "Nielsen, Peter-Heine"]
[Result "1/2-1/2"]
[WhiteElo "2670"]
[BlackElo "2662"]
[PlyCount "47"]
[EventDate "2012.??.??"]

1. d4 Nf6 2. c4 e6 3. Nf3 d5 4. g3 dxc4 5. Bg2 Bb4+ 6. Bd2 a5 7. O-O O-O 8. Bg5
b5 9. a4 bxa4 10. Qxa4 Bb7 11. Qc2 Nbd7 12. Nbd2 c5 13. dxc5 Rc8 14. Nxc4 Rxc5
15. Be3 Rc8 16. b3 Bd5 17. Rfc1 Bc5 18. Bxc5 Nxc5 19. Nxa5 Nxb3 20. Qxc8 Qxc8
21. Rxc8 Rxc8 22. Nxb3 Bxb3 23. Nd4 Bd5 24. Bxd5 1/2-1/2

[Event "BL 1213 OSG Baden Baden - SV Mülheim No"]
[Site "?"]
[Date "2012.12.08"]
[Round "5.6"]
[White "Nisipeanu, Liviu-Dieter"]
[Black "Potkin, Vladimir"]
[Result "1-0"]
[WhiteElo "2661"]
[BlackElo "2663"]
[PlyCount "67"]
[EventDate "2012.??.??"]

1. e4 c5 2. Nf3 e6 3. c3 d5 4. exd5 Qxd5 5. d4 Nf6 6. Bd3 Nc6 7. O-O Be7 8.
dxc5 Qxc5 9. Nbd2 O-O 10. Ne4 Nxe4 11. Bxe4 Rd8 12. Qc2 h6 13. Be3 Qa5 14. Rad1
Bd7 15. Qb3 Qc7 16. Bb1 Bf6 17. Qc2 g6 18. Bxh6 Ne5 19. Qe2 a6 20. Nd4 Nc6 21.
Qf3 Be5 22. h4 Nxd4 23. cxd4 Bc6 24. Qe3 Bg7 25. h5 Bd5 26. hxg6 f5 27. Bf4 Qd7
28. Rc1 Rac8 29. Bg5 Rxc1 30. Rxc1 Rc8 31. Rxc8+ Qxc8 32. Qh3 Qc4 33. Qh7+ Kf8
34. Bh6 1-0

[Event "BL 1213 OSG Baden Baden - SV Mülheim No"]
[Site "?"]
[Date "2012.12.08"]
[Round "5.8"]
[White "Schlosser, Philipp"]
[Black "Hausrath, Daniel"]
[Result "1/2-1/2"]
[WhiteElo "2579"]
[BlackElo "2484"]
[PlyCount "131"]
[EventDate "2012.??.??"]

1. d4 d5 2. c4 e6 3. Nc3 Be7 4. cxd5 exd5 5. Bf4 Nf6 6. e3 Bf5 7. Nge2 O-O 8.
Ng3 Be6 9. Bd3 Re8 10. O-O c6 11. Qb3 Qc8 12. Qc2 g6 13. Rfc1 Nbd7 14. Na4 b5
15. Nc3 Qb7 16. Nge2 a6 17. Bg5 c5 18. dxc5 Nxc5 19. Nd4 Rac8 20. Qd1 Nfd7 21.
Bxe7 Rxe7 22. Bf1 Ne5 23. Nxe6 fxe6 24. b4 Ncd7 25. a4 Nc4 26. axb5 axb5 27. e4
Nf6 28. exd5 exd5 29. Qd4 Re6 30. Rd1 Rd6 31. g3 Qc6 32. Bg2 Nb6 33. Ne2 Qd7
34. Qb2 Na4 35. Qd2 Rc4 36. Ra3 Ne4 37. Bxe4 Rxe4 38. Nd4 Rf6 39. Kg2 Rf7 40.
Rc1 Nb6 41. Rc5 Nc4 42. Ra8+ Kg7 43. Qc3 Kh6 44. Rac8 Qa7 45. Qc1+ Kg7 46. Nf5+
Rxf5 47. R8c7+ Qxc7 48. Rxc7+ Rf7 49. Qa1+ d4 50. Rxf7+ Kxf7 51. Qa8 Nd6 52.
Qd5+ Ke7 53. f3 Re2+ 54. Kh3 Re3 55. Kg4 Rd3 56. h4 Rd1 57. Kf4 d3 58. Qc5 Kd7
59. Ke5 Re1+ 60. Kd5 d2 61. Qxd6+ Ke8 62. Qb8+ Ke7 63. Qc7+ Ke8 64. Qb8+ Ke7
65. Qc7+ Ke8 66. Qb8+ 1/2-1/2

[Event "BL 1213 SG Turm Trier - SF Katernberg"]
[Site "?"]
[Date "2012.12.08"]
[Round "5.1"]
[White "Kryvoruchko, Yuriy"]
[Black "Erdoes, Viktor"]
[Result "1/2-1/2"]
[WhiteElo "2679"]
[BlackElo "2637"]
[PlyCount "105"]
[EventDate "2012.??.??"]

1. e4 e5 2. Nf3 Nc6 3. Bb5 a6 4. Ba4 Nf6 5. O-O Be7 6. d3 b5 7. Bb3 d6 8. a4
Bd7 9. c3 O-O 10. Nbd2 Na5 11. Bc2 c5 12. Re1 Re8 13. Nf1 h6 14. Ne3 Bf8 15. h3
Nc6 16. Nh2 Be6 17. Nhg4 Nxg4 18. hxg4 Qd7 19. Bb3 Rab8 20. Bd2 c4 21. axb5
axb5 22. dxc4 bxc4 23. Bxc4 Rxb2 24. Bxe6 fxe6 25. Nc4 Rb5 26. Be3 Reb8 27. Ra6
Qc8 28. Ra4 Qc7 29. g5 d5 30. Qg4 dxc4 31. Qxe6+ Kh8 32. gxh6 Qd6 33. hxg7+
Kxg7 34. Qxc4 Rb1 35. Bc1 Ne7 36. Ra7 R8b7 37. Rxb7 Rxb7 38. Qe2 Rd7 39. g3 Qg6
40. Kg2 Ng8 41. Rh1 Nf6 42. Rh4 Kg8 43. Qc4+ Qf7 44. Qc8 Qe8 45. Qc6 Rd6 46.
Qb7 Qd7 47. Qb3+ Qe6 48. Qb5 Bg7 49. Qb8+ Kf7 50. Be3 Kg6 51. Qb5 Rc6 52. Bd2
Rc4 53. Qb1 1/2-1/2

[Event "BL 1213 SG Turm Trier - SF Katernberg"]
[Site "?"]
[Date "2012.12.08"]
[Round "5.2"]
[White "Parligras, Mircea"]
[Black "Firman, Nazar"]
[Result "1/2-1/2"]
[WhiteElo "2633"]
[BlackElo "2531"]
[PlyCount "111"]
[EventDate "2012.??.??"]

1. d4 d6 2. Nf3 g6 3. e4 Nf6 4. Nc3 Bg7 5. Be2 O-O 6. O-O a6 7. Re1 Nc6 8. Bg5
h6 9. Bf4 g5 10. Be3 e5 11. dxe5 dxe5 12. Bc4 g4 13. Qxd8 Rxd8 14. Nh4 b5 15.
Bd5 Bd7 16. a3 Rab8 17. Rad1 Nd4 18. Bxd4 exd4 19. Rxd4 c5 20. Rdd1 b4 21. axb4
cxb4 22. Na2 Nxd5 23. Rxd5 Bf6 24. g3 Be6 25. Rxd8+ Bxd8 26. b3 Bg5 27. f4 gxf3
28. Nxf3 Be7 29. Nc1 Rc8 30. Re2 Rc3 31. Kg2 a5 32. Na2 Rc8 33. Nc1 Rd8 34. h4
Bg4 35. Nd3 a4 36. bxa4 b3 37. Nb2 Rc8 38. c4 Ba3 39. Rd2 Be6 40. Ne5 Bxb2 41.
Rxb2 Rc5 42. Nd3 Rxc4 43. Kf3 Rxa4 44. Ke3 Kg7 45. Rb1 Kf6 46. g4 Ra2 47. Nf4
Bc4 48. Kd4 Ra4 49. e5+ Ke7 50. g5 Bb5+ 51. Ke3 Bc6 52. gxh6 Re4+ 53. Kf3 Rb4+
54. Kg3 Rb8 55. h7 Be4 56. h8=Q 1/2-1/2

[Event "BL 1213 SG Turm Trier - SF Katernberg"]
[Site "?"]
[Date "2012.12.08"]
[Round "5.4"]
[White "Sanikidze, Tornike"]
[Black "Bischoff, Klaus"]
[Result "1-0"]
[WhiteElo "2580"]
[BlackElo "2519"]
[PlyCount "67"]
[EventDate "2012.??.??"]

1. d4 d5 2. c4 dxc4 3. e4 Nf6 4. e5 Nd5 5. Bxc4 Nb6 6. Bd3 Na6 7. Nc3 e6 8.
Nge2 Bd7 9. Be4 c6 10. O-O Nd5 11. Ng3 Nac7 12. Nh5 Qe7 13. Bf3 Qb4 14. Qd3 h6
15. Bd2 Qb6 16. Ne4 O-O-O 17. a3 Kb8 18. b4 Bc8 19. Rfb1 g6 20. Nhg3 Ne8 21.
Nc5 Qc7 22. a4 b6 23. Na6+ Bxa6 24. Qxa6 Qb7 25. Qc4 Rc8 26. Ne4 Be7 27. Nc5
Bxc5 28. bxc5 Nec7 29. Ba5 Ka8 30. cxb6 axb6 31. Bxb6 Nxb6 32. Qc1 Qa6 33.
Bxc6+ Ka7 34. a5 1-0

[Event "BL 1213 SG Turm Trier - SF Katernberg"]
[Site "?"]
[Date "2012.12.08"]
[Round "5.5"]
[White "Siebrecht, Sebastian"]
[Black "Bobras, Piotr"]
[Result "1-0"]
[WhiteElo "2479"]
[BlackElo "2560"]
[PlyCount "69"]
[EventDate "2012.??.??"]

1. Nf3 Nf6 2. c4 g6 3. Nc3 d5 4. cxd5 Nxd5 5. h4 Bg7 6. h5 Nc6 7. h6 Bf6 8. Ne4
Bf5 9. Nxf6+ exf6 10. d3 Qe7 11. e4 Bg4 12. Be2 Nb6 13. Be3 Bxf3 14. Bxf3 Rd8
15. Rc1 Nd4 16. O-O O-O 17. Bg4 c6 18. Qd2 Rfe8 19. Rfe1 Qe5 20. f4 Qb5 21. b4
Ne6 22. Be2 Nd4 23. Bd1 Ne6 24. d4 a5 25. f5 Nf8 26. fxg6 hxg6 27. bxa5 Nbd7
28. a4 Qa6 29. Be2 Qa8 30. Bd3 Nh7 31. Rf1 Ndf8 32. Qc3 Ne6 33. Bc4 Qc8 34. d5
Nef8 35. Rxf6 1-0

[Event "BL 1213 SG Turm Trier - SF Katernberg"]
[Site "?"]
[Date "2012.12.08"]
[Round "5.6"]
[White "Gonda, Laszlo"]
[Black "Zaragatski, Ilja"]
[Result "1/2-1/2"]
[WhiteElo "2528"]
[BlackElo "2460"]
[PlyCount "84"]
[EventDate "2012.??.??"]

1. Nf3 Nf6 2. c4 c5 3. g3 b6 4. Bg2 Bb7 5. O-O e6 6. b3 Be7 7. Bb2 d6 8. e3
Nbd7 9. Nc3 O-O 10. Qe2 a6 11. Rfd1 Qc7 12. Rac1 Rfe8 13. d4 Ne4 14. Nxe4 Bxe4
15. Ne1 Bxg2 16. Nxg2 cxd4 17. exd4 Qb7 18. Ne3 d5 19. cxd5 exd5 20. Qf3 Nf6
21. Rc2 Rac8 22. Rdc1 Rxc2 23. Rxc2 Bf8 24. Qf4 Rc8 25. Rxc8 Qxc8 26. Kg2 h5
27. h3 Qe6 28. Qe5 Bd6 29. Qxe6 fxe6 30. f3 Kf7 31. Nc2 Nd7 32. Kf2 Nb8 33. Ba3
Bc7 34. Bc1 Nc6 35. f4 b5 36. Kf3 Bb6 37. Be3 Ba5 38. Ke2 Kf6 39. g4 g6 40. Bd2
Bb6 41. Kd3 Ke7 42. Nb4 Nxb4+ 1/2-1/2

[Event "BL 1213 SG Turm Trier - SF Katernberg"]
[Site "?"]
[Date "2012.12.08"]
[Round "5.7"]
[White "Kotainy, Jens"]
[Black "Cioara, Andrei Nestor"]
[Result "0-1"]
[WhiteElo "2413"]
[BlackElo "2483"]
[PlyCount "120"]
[EventDate "2012.??.??"]

1. e4 c6 2. d4 d5 3. e5 Bf5 4. Nf3 e6 5. Be2 Nd7 6. O-O Ne7 7. Nc3 a6 8. Nh4
Bg6 9. Bg5 Qc7 10. Be3 c5 11. f4 Nc6 12. Nf3 cxd4 13. Nxd4 Bc5 14. Rc1 Ndxe5
15. Na4 Ba7 16. Qd2 Nxd4 17. Bxd4 Nd3 18. Bxd3 Bxd4+ 19. Kh1 Bxd3 20. cxd3 Qd6
21. Nc3 O-O 22. Ne2 Bf6 23. d4 Rac8 24. Qe3 g6 25. Kg1 Qb4 26. b3 b5 27. Rfd1
Qa5 28. Ra1 Rc2 29. a3 Rfc8 30. Rdc1 Qb6 31. Rxc2 Rxc2 32. Rd1 Ra2 33. b4 Rc2
34. h3 Qc7 35. Rd2 Rc4 36. Kh2 a5 37. bxa5 Qxa5 38. Rd3 Qe1 39. Qd2 Qxd2 40.
Rxd2 Be7 41. Ra2 Bd6 42. g3 Ra4 43. Nc3 Rxa3 44. Rxa3 Bxa3 45. Nxb5 Bb4 46. Kg2
Kf8 47. Na7 Ke8 48. Nc6 Bc3 49. Kf3 f6 50. Ke3 Kd7 51. Nb8+ Kd6 52. Na6 h6 53.
Nb8 Bb4 54. Na6 Ba3 55. Kd3 Kc6 56. Kc3 Kb7 57. Nb4 Bxb4+ 58. Kxb4 Kc6 59. Kc3
Kd6 60. Kd3 e5 0-1

[Event "BL 1213 SG Turm Trier - SF Katernberg"]
[Site "?"]
[Date "2012.12.08"]
[Round "5.8"]
[White "Seger, Ruediger"]
[Black "Hoolt, Sarah"]
[Result "0-1"]
[WhiteElo "2390"]
[BlackElo "2308"]
[PlyCount "94"]
[EventDate "2012.??.??"]

1. e4 c5 2. c3 Nf6 3. e5 Nd5 4. d4 cxd4 5. Nf3 e6 6. cxd4 d6 7. Bc4 Nb6 8. Bb3
dxe5 9. Nxe5 Nc6 10. Nxc6 bxc6 11. O-O Be7 12. Nc3 O-O 13. Be3 Ba6 14. Re1 Bc4
15. Rc1 Bxb3 16. Qxb3 Rc8 17. Red1 Qd7 18. Rd2 Rfd8 19. g3 Rb8 20. a3 Nd5 21.
Qa4 Nxe3 22. fxe3 Bg5 23. Re2 Rxb2 24. Rce1 Rdb8 25. Ne4 Qd5 26. Nxg5 Rxe2 27.
Rxe2 Rb1+ 28. Kf2 Qxg5 29. e4 Qc1 30. d5 h5 31. Kf3 g5 32. Rc2 Qe1 33. dxe6
fxe6 34. Qc4 Qh1+ 35. Ke3 Qg1+ 36. Kd3 Qf1+ 37. Kd4 Qf6+ 38. Ke3 Re1+ 39. Re2
Ra1 40. Qb3 Kh7 41. Qb4 Rf1 42. Qb7+ Kh6 43. Qxc6 Rf3+ 44. Kd2 Qb2+ 45. Qc2
Qxa3 46. Ke1 Qa1+ 47. Kd2 Qa5+ 0-1

[Event "BL 1213 Turm Emsdetten - Hamburger SK"]
[Site "?"]
[Date "2012.12.08"]
[Round "5.4"]
[White "Grandelius, Nils"]
[Black "Hansen, Sune Berg"]
[Result "1-0"]
[WhiteElo "2593"]
[BlackElo "2566"]
[PlyCount "99"]
[EventDate "2012.??.??"]

1. e4 e5 2. Nf3 Nc6 3. Bb5 a6 4. Ba4 Nf6 5. O-O Be7 6. d3 b5 7. Bb3 d6 8. a4
Bd7 9. c3 O-O 10. Nbd2 Na5 11. Bc2 c5 12. Re1 Nc6 13. Nf1 Re8 14. h3 b4 15. Bg5
Rb8 16. Ne3 Be6 17. Bh4 Qa5 18. Nd2 Qd8 19. Rc1 Nd7 20. Bxe7 Qxe7 21. Nd5 Qd8
22. Nc4 Nf8 23. Nce3 Nd7 24. Nc4 Nf8 25. Nce3 Nd7 26. Bb3 Nb6 27. Nxb6 Rxb6 28.
Bd5 bxc3 29. bxc3 Qd7 30. Rb1 Reb8 31. Qc2 Bxd5 32. Rxb6 Rxb6 33. Nxd5 Rb7 34.
Rb1 h6 35. Nb6 Qc7 36. Nc4 Na5 37. Rxb7 Nxb7 38. Ne3 Na5 39. Qa2 Qc6 40. Kh2 g6
41. Ng4 Kg7 42. Qd2 g5 43. Qe2 Qc8 44. Ne3 Kg6 45. Nf5 Qe6 46. h4 Nb3 47. hxg5
hxg5 48. Qf3 d5 49. Qh3 dxe4 50. g4 1-0

[Event "BL 1213 Turm Emsdetten - Hamburger SK"]
[Site "?"]
[Date "2012.12.08"]
[Round "5.5"]
[White "Svane, Rasmus"]
[Black "Yilmaz, Mustafa"]
[Result "0-1"]
[WhiteElo "2394"]
[BlackElo "2545"]
[PlyCount "120"]
[EventDate "2012.??.??"]

1. c4 e5 2. g3 Nc6 3. Nc3 Bc5 4. Bg2 Nf6 5. e3 O-O 6. Nge2 a6 7. O-O d6 8. d3
Bf5 9. h3 Ba7 10. a3 Re8 11. b4 e4 12. d4 h6 13. g4 Bh7 14. Ng3 b5 15. cxb5
axb5 16. Bb2 d5 17. Rc1 Ne7 18. h4 c6 19. f4 Nd7 20. g5 hxg5 21. hxg5 Nb6 22.
Kf2 Nc4 23. Rc2 Nf5 24. Nxf5 Bxf5 25. Qh5 Bg6 26. Qh3 f5 27. Rh1 Bb6 28. Nb1
Qd6 29. Bc1 Kf7 30. Bf1 Rad8 31. Be2 Ke7 32. Nd2 Qb8 33. Nxc4 bxc4 34. Bb2 Rh8
35. Qg2 Rxh1 36. Qxh1 Rh8 37. Qg2 Rh4 38. Rc1 Qh8 39. Kg3 Rh7 40. Bc3 Bc7 41.
Rb1 Kd7 42. Ra1 Bd6 43. Rb1 Kc7 44. Ra1 Kb6 45. a4 Be7 46. Rf1 Ka6 47. Bd2 Qb8
48. Kf2 Bxb4 49. Bxb4 Qxb4 50. Rh1 Rxh1 51. Qxh1 Qb8 52. Qe1 Qb2 53. Qh1 Ka5
54. Qh8 c3 55. Qf8 c2 56. Qc5+ Kxa4 57. Qxc6+ Ka3 58. Qa8+ Kb4 59. Qf8+ Kc3 60.
Qc5+ Kd2 0-1

[Event "BL 1213 Turm Emsdetten - Hamburger SK"]
[Site "?"]
[Date "2012.12.08"]
[Round "5.7"]
[White "Sebastian, Dirk"]
[Black "Hector, Jonny"]
[Result "0-1"]
[WhiteElo "2445"]
[BlackElo "2539"]
[PlyCount "114"]
[EventDate "2012.??.??"]

1. e4 e5 2. Nf3 Nc6 3. Bc4 Nf6 4. d3 Bc5 5. Bb3 O-O 6. O-O d6 7. c3 Ne7 8. Nbd2
Ng6 9. h3 c6 10. Nc4 b5 11. Ne3 Bb6 12. a4 bxa4 13. Bxa4 Bd7 14. Nc4 Bc7 15.
Re1 Re8 16. Be3 a5 17. Ncd2 Rb8 18. Qc2 Nh5 19. d4 Ngf4 20. dxe5 dxe5 21. Kh2
Qf6 22. Ng1 Qg6 23. g3 Nf6 24. Ndf3 Ne6 25. Rad1 Red8 26. Nh4 Qxe4 27. Qxe4
Nxe4 28. Rxd7 Rxd7 29. Bxc6 Nf6 30. Bxd7 Nxd7 31. Re2 Ndc5 32. Nf5 Nd3 33. Ne7+
Kf8 34. Nd5 Bd8 35. b4 axb4 36. cxb4 f5 37. Nf3 Rb5 38. Nc3 Rxb4 39. Ne1 Nxe1
40. Rxe1 Rb3 41. Na4 Be7 42. Rc1 Kf7 43. Rc4 g5 44. Bc5 Bf6 45. Kg2 h5 46. Ba7
Ra3 47. Bb6 h4 48. Nc5 Nd4 49. Nd7 hxg3 50. Nxf6 Kxf6 51. fxg3 Ra2+ 52. Kf1 Nf3
53. Rc6+ Kf7 54. Bf2 Nd2+ 55. Ke1 Ne4 56. Be3 Rh2 57. Rh6 Rh1+ 0-1

[Event "BL 1213 Turm Emsdetten - Hamburger SK"]
[Site "?"]
[Date "2012.12.08"]
[Round "5.8"]
[White "Burg, Twan"]
[Black "Van Delft, Merijn"]
[Result "1/2-1/2"]
[WhiteElo "2502"]
[BlackElo "2395"]
[PlyCount "62"]
[EventDate "2012.??.??"]

1. e4 c5 2. Nf3 d6 3. d4 cxd4 4. Qxd4 Nc6 5. Bb5 Bd7 6. Qd3 Nf6 7. O-O a6 8.
Bxc6 Bxc6 9. Nbd2 e5 10. c4 b5 11. Re1 Be7 12. cxb5 axb5 13. Nf1 O-O 14. Ng3 g6
15. Bd2 Qd7 16. Bb4 Rfd8 17. a3 Bf8 18. Rad1 Qb7 19. Qe2 Rd7 20. h3 Rad8 21.
Qe3 Bg7 22. Rc1 Re8 23. Rc2 h6 24. b3 Re6 25. Bc3 Rde7 26. Bb4 Re8 27. Nd2 d5
28. f3 h5 29. Qe2 h4 30. Ngf1 dxe4 31. Nxe4 Nxe4 1/2-1/2

[Event "BL 1213 Werder Bremen - SK Norderstedt"]
[Site "?"]
[Date "2012.12.08"]
[Round "5.1"]
[White "Kopylov, Mihail"]
[Black "Fressinet, Laurent"]
[Result "0-1"]
[WhiteElo "2473"]
[BlackElo "2702"]
[PlyCount "116"]
[EventDate "2012.??.??"]

1. d4 g6 2. Nf3 Bg7 3. c4 Nf6 4. g3 c5 5. d5 b5 6. cxb5 Qa5+ 7. Bd2 Qxb5 8. Nc3
Qb6 9. Na4 Qd6 10. Nxc5 O-O 11. Nd3 Ba6 12. Nb4 Nxd5 13. Nxa6 Nxa6 14. e4 Ndb4
15. Bc3 Qc6 16. e5 Nd5 17. Bxa6 Nxc3 18. Qd3 Na4 19. Bb5 Nxb2 20. Bxc6 Nxd3+
21. Ke2 dxc6 22. Kxd3 Rfd8+ 23. Ke4 f5+ 24. exf6 exf6 25. Rad1 Re8+ 26. Kd3
Rad8+ 27. Kc4 Re4+ 28. Kc5 Rc8 29. Rd4 Bf8+ 30. Kc4 Rce8 31. Rhd1 c5 32. Rxe4
Rxe4+ 33. Kd5 Ra4 34. Rd2 Ra3 35. Ne1 Ra6 36. Nf3 Kf7 37. Rb2 Be7 38. Re2 h5
39. Rb2 g5 40. Re2 Ra3 41. Ne1 h4 42. Kc4 h3 43. Rc2 Ra4+ 44. Kb5 Rd4 45. Ka6
g4 46. Kxa7 c4 47. Kb6 Re4 48. Rc1 Ba3 49. Rd1 Re2 50. Kb5 c3 51. Ka4 Rxa2 52.
Kb3 Rd2 53. Ra1 Bd6 54. Ra6 Be5 55. f4 Bd4 56. Nc2 Bg1 57. f5 Rxh2 58. Ra4 Rxc2
0-1

[Event "BL 1213 Werder Bremen - SK Norderstedt"]
[Site "?"]
[Date "2012.12.08"]
[Round "5.2"]
[White "Areshchenko, Alexander"]
[Black "Feuerstack, Aljoscha"]
[Result "1-0"]
[WhiteElo "2710"]
[BlackElo "2421"]
[PlyCount "115"]
[EventDate "2012.??.??"]

1. e4 c6 2. Nc3 d5 3. Nf3 Bg4 4. h3 Bxf3 5. Qxf3 e6 6. d3 Nf6 7. Bd2 Nbd7 8. g4
h6 9. O-O-O Qb6 10. h4 O-O-O 11. Bh3 Bb4 12. Qe2 Nc5 13. g5 Bxc3 14. Bxc3 Na4
15. gxf6 d4 16. Bxd4 Qxd4 17. c3 Qxf6 18. d4 Kb8 19. Qe3 g5 20. Rhg1 Nb6 21.
Rd3 Rhg8 22. hxg5 hxg5 23. Kb1 Nc4 24. Qe2 e5 25. Rgd1 Qe7 26. b3 Na3+ 27. Kb2
exd4 28. cxd4 Nb5 29. Qe3 c5 30. Qg3+ Ka8 31. dxc5 Rde8 32. a4 Nc7 33. Qd6 a5
34. Bf5 Na6 35. c6 Nb4 36. cxb7+ Kxb7 37. Qxe7+ Rxe7 38. Rd7+ Rxd7 39. Rxd7+
Kc6 40. Kc3 Na2+ 41. Kd4 f6 42. Rd5 Rb8 43. Bd7+ Kc7 44. Bb5 Rd8 45. Rxd8 Kxd8
46. e5 fxe5+ 47. Kxe5 Kc7 48. Kf5 Nc3 49. Bd3 Kd6 50. Kxg5 Ke5 51. f4+ Kd4 52.
Bc4 Ne4+ 53. Kg6 Nc5 54. f5 Ke5 55. f6 Nd7 56. f7 Kd6 57. Kg7 Ke7 58. Bd3 1-0

[Event "BL 1213 Werder Bremen - SK Norderstedt"]
[Site "?"]
[Date "2012.12.08"]
[Round "5.3"]
[White "Bekker-Jensen, Simon"]
[Black "Hracek, Zbynek"]
[Result "0-1"]
[WhiteElo "2402"]
[BlackElo "2612"]
[PlyCount "106"]
[EventDate "2012.??.??"]

1. d4 Nf6 2. c4 e6 3. Nc3 Bb4 4. e3 O-O 5. Nge2 d5 6. a3 Bd6 7. cxd5 exd5 8. g3
c6 9. Bg2 Re8 10. O-O a5 11. f3 c5 12. f4 Bg4 13. h3 Bxe2 14. Nxe2 Nc6 15. Qb3
Qd7 16. g4 cxd4 17. Nxd4 Bc5 18. Nc2 Rad8 19. Qd3 h5 20. gxh5 Nxh5 21. Bd2 Ng3
22. Rfe1 Qd6 23. b4 axb4 24. axb4 Bb6 25. b5 Ne7 26. Nd4 Ne4 27. Rad1 Ng6 28.
Re2 Ng3 29. Rf2 Nh4 30. Kh2 Ne4 31. Re2 Bxd4 32. Qxd4 Nf5 33. Qd3 Qg6 34. Be1
Neg3 35. Red2 Rxe3 36. Qc2 Rde8 37. Bf2 Ne4 38. Rxd5 Nxf2 39. Qxf2 Re2 40. Qf1
Qg3+ 41. Kh1 Re1 42. Rxf5 Rxd1 43. Qxd1 Re1+ 44. Qxe1 Qxe1+ 45. Kh2 Qf2 46. Kh1
b6 47. Bd5 g6 48. Rf6 Qe1+ 49. Kh2 Qd2+ 50. Bg2 Kg7 51. Rc6 Qxf4+ 52. Kh1 Qe3
53. Bf1 f5 0-1

[Event "BL 1213 Werder Bremen - SK Norderstedt"]
[Site "?"]
[Date "2012.12.08"]
[Round "5.4"]
[White "Babula, Vlastimil"]
[Black "Meyer, Falko"]
[Result "1-0"]
[WhiteElo "2585"]
[BlackElo "2259"]
[PlyCount "73"]
[EventDate "2012.??.??"]

1. d4 d5 2. c4 c6 3. Nf3 Nf6 4. Nc3 a6 5. e3 b5 6. b3 Bg4 7. Be2 e6 8. h3 Bb4
9. Bd2 Bf5 10. Ne5 h6 11. cxd5 cxd5 12. a4 bxa4 13. Rxa4 Bxc3 14. Bxc3 O-O 15.
O-O Qb6 16. Bb4 Rc8 17. Bc5 Qb7 18. b4 Ne4 19. Qa1 f6 20. Nf3 Bg6 21. Rc1 Bh5
22. b5 a5 23. Rxa5 Nd7 24. Ra6 Nd2 25. Qc3 Nxf3+ 26. gxf3 e5 27. Qd2 exd4 28.
Bxd4 Ne5 29. Bxe5 fxe5 30. Rac6 Bf7 31. Rxc8+ Rxc8 32. Rxc8+ Qxc8 33. b6 d4 34.
exd4 Bd5 35. dxe5 Qe6 36. Qd4 h5 37. b7 1-0

[Event "BL 1213 Werder Bremen - SK Norderstedt"]
[Site "?"]
[Date "2012.12.08"]
[Round "5.5"]
[White "Polischuk, Viktor"]
[Black "Meins, Gerlef"]
[Result "0-1"]
[WhiteElo "2312"]
[BlackElo "2473"]
[PlyCount "66"]
[EventDate "2012.??.??"]

1. e4 c5 2. Nf3 d6 3. d4 cxd4 4. Nxd4 Nf6 5. Nc3 e6 6. Be3 Nc6 7. Be2 Be7 8.
O-O Bd7 9. f4 Nxd4 10. Bxd4 Bc6 11. Bd3 O-O 12. Kh1 Nd7 13. Qh5 g6 14. Qh3 e5
15. fxe5 Nxe5 16. Bxe5 dxe5 17. Bc4 Qc8 18. Rxf7 Rxf7 19. Bxf7+ Kxf7 20. Qxh7+
Ke6 21. Qxg6+ Kd7 22. Qg7 Qf8 23. Rd1+ Kc7 24. Qxe5+ Bd6 25. Qg5 Re8 26. Nd5+
Bxd5 27. exd5 Qf2 28. Qg7+ Kb8 29. Qc3 Rc8 30. Qd2 Rxc2 31. Qg5 Rc8 32. Rc1 Re8
33. g3 Rh8 0-1

[Event "BL 1213 Werder Bremen - SK Norderstedt"]
[Site "?"]
[Date "2012.12.08"]
[Round "5.6"]
[White "Fish, Gennadij"]
[Black "Jochens, Arne"]
[Result "1-0"]
[WhiteElo "2475"]
[BlackElo "2298"]
[PlyCount "77"]
[EventDate "2012.??.??"]

1. d4 e6 2. c4 f5 3. g3 Nf6 4. Bg2 c6 5. Nh3 d5 6. O-O Bd6 7. Qc2 O-O 8. Nd2
Qe7 9. Nf3 Ne4 10. Bf4 Nd7 11. Rac1 a5 12. Bxd6 Nxd6 13. b3 a4 14. Nf4 axb3 15.
axb3 dxc4 16. bxc4 e5 17. dxe5 Nxe5 18. c5 Nxf3+ 19. Bxf3 Ne4 20. Rfd1 Ra5 21.
Qc4+ Kh8 22. Qb4 Rb5 23. Qa3 Re8 24. Bh5 Rf8 25. Bf3 Re8 26. Bxe4 fxe4 27. Rd6
Bg4 28. h3 Bf5 29. g4 Qe5 30. e3 g5 31. Ne2 Bg6 32. Nd4 Bf7 33. Qc3 Kg8 34.
Nxb5 cxb5 35. Qxe5 Rxe5 36. Rd8+ Kg7 37. Rd7 Kg6 38. Rxb7 Bc4 39. c6 1-0

[Event "BL 1213 Werder Bremen - SK Norderstedt"]
[Site "?"]
[Date "2012.12.08"]
[Round "5.7"]
[White "Michna, Christian"]
[Black "Joachim, Sven"]
[Result "0-1"]
[WhiteElo "2279"]
[BlackElo "2436"]
[PlyCount "98"]
[EventDate "2012.??.??"]

1. d4 Nf6 2. Nc3 d5 3. Bg5 Nbd7 4. Qd3 c6 5. Nf3 g6 6. O-O-O Bg7 7. e4 dxe4 8.
Nxe4 O-O 9. h4 h5 10. Kb1 Nxe4 11. Qxe4 Nf6 12. Bxf6 exf6 13. Bc4 Bf5 14. Qf4
b5 15. Bd3 Be6 16. Be4 Qd7 17. Nd2 f5 18. Bf3 Qxd4 19. Qxd4 Bxd4 20. Bxc6 Rab8
21. Rhf1 Rfc8 22. Bf3 Bxa2+ 23. Kxa2 Rxc2 24. Nb3 Rxb2+ 25. Ka1 Bc3 26. Nc5
Rb4+ 27. Ka2 Rb2+ 28. Ka1 Rxf2+ 29. Kb1 Rb2+ 30. Kc1 Rc8 31. Rd5 Rb4 32. Nd3
Rxh4 33. Rc5 Rxc5 34. Nxc5 Rc4 35. Nb7 Be5+ 36. Kd2 b4 37. Na5 Bf4+ 38. Kd3
Rc3+ 39. Kd4 Be3+ 40. Ke5 Rc5+ 41. Bd5 Rxa5 42. Re1 Bd2 43. Re2 Bc3+ 44. Kd6
Rxd5+ 45. Kxd5 b3 46. Re8+ Kg7 47. Kc4 b2 48. Rb8 Be5 49. Rb7 g5 0-1

[Event "BL 1213 Werder Bremen - SK Norderstedt"]
[Site "?"]
[Date "2012.12.08"]
[Round "5.8"]
[White "Mueller, Oliver"]
[Black "Kahlert, Thomas"]
[Result "0-1"]
[WhiteElo "2306"]
[BlackElo "2230"]
[PlyCount "66"]
[EventDate "2012.??.??"]

1. d4 Nf6 2. c4 g6 3. Nc3 d5 4. Nf3 Bg7 5. g3 O-O 6. cxd5 Nxd5 7. Bg2 Nb6 8.
O-O Nc6 9. d5 Na5 10. Nd4 c6 11. e4 cxd5 12. exd5 Nac4 13. b3 Nd6 14. Be3 Nf5
15. Nxf5 Bxf5 16. Rc1 Qd7 17. a4 Rac8 18. Nb5 Rxc1 19. Bxc1 a6 20. Nd4 Bh3 21.
Bxh3 Qxh3 22. Ne2 Rd8 23. Nf4 Qf5 24. Ba3 e5 25. Ng2 Rxd5 26. Qc1 Qd7 27. Ne3
Rd3 28. Qc5 Nd5 29. Nc4 h6 30. Re1 Qe6 31. Nd6 Rxb3 32. Rd1 Nc3 33. Re1 b6 0-1

[Event "BL 1213 SV Wattenscheid - SC Eppingen"]
[Site "?"]
[Date "2012.12.08"]
[Round "5.2"]
[White "Bartel, Mateusz"]
[Black "Berkes, Ferenc"]
[Result "1/2-1/2"]
[WhiteElo "2635"]
[BlackElo "2679"]
[PlyCount "100"]
[EventDate "2012.??.??"]

1. e4 c6 2. Nc3 d5 3. Nf3 Nf6 4. e5 Ne4 5. h3 e6 6. Nxe4 dxe4 7. Nh2 Nd7 8. Qg4
Nxe5 9. Qxe4 Qd5 10. d3 Ng6 11. Nf3 e5 12. h4 f6 13. Be3 Ne7 14. Qa4 Nf5 15.
O-O-O b5 16. Qb3 Qxb3 17. axb3 c5 18. g3 Bb7 19. Bg2 h5 20. Rhg1 O-O-O 21. Nd2
Bxg2 22. Rxg2 Kb7 23. Ne4 Rc8 24. Kd2 Be7 25. Nc3 c4 26. bxc4 bxc4 27. Nd5 Rhd8
28. Nxe7 Nxe7 29. Ra1 Nc6 30. Rgg1 Rd5 31. Ra4 cxd3 32. c4 Ra5 33. Rxa5 Nxa5
34. Kxd3 Nxc4 35. g4 Nxe3 36. fxe3 hxg4 37. Rxg4 Rc7 38. h5 f5 39. Rg6 Rd7+ 40.
Ke2 Kc7 41. Rg5 Rf7 42. e4 Kd6 43. Rxf5 Rb7 44. Kd3 Rxb2 45. Rf7 Rb3+ 46. Kc2
Rg3 47. Rxa7 Kc5 48. Rd7 Kc4 49. Kd2 Rg5 50. Ke3 Rg3+ 1/2-1/2